Normal view
MARC view
- Hilliard, Robert L.,
Entry Personal Name
001 - CONTROL NUMBER
- control field: 12361
003 - CONTROL NUMBER IDENTIFIER
- control field: NUST
005 - DATE AND TIME OF LATEST TRANSACTION
- control field: 20181016105550.0
008 - FIXED-LENGTH DATA ELEMENTS
- fixed length control field: 181016|| aca||aabn | a|a d
040 ## - CATALOGING SOURCE
- Original cataloging agency: NUST
- Transcribing agency: NUST
100 ## - HEADING--PERSONAL NAME
- Personal name: Hilliard, Robert L.,
- Dates associated with a name: 1925-
- Title of a work: Writing for television, radio, and new media.
670 ## - SOURCE DATA FOUND
- Source citation: Work cat.: (NUST)0: Hilliard, Robert L., 1925- 12357, Writing for television, radio, new media /, c2008.
